Text book of Pharmaceutical Organic Chemistry - I (Record no. 11082)

MARC details
000 -LEADER
fixed length control field 00412nam a22001577a 4500
003 - CONTROL NUMBER IDENTIFIER
control field OSt
008 - FIXED-LENGTH DATA ELEMENTS--GENERAL INFORMATION
fixed length control field 220208b ||||| |||| 00| 0 eng d
082 ## - DEWEY DECIMAL CLASSIFICATION NUMBER
Classification number 547 DAT
100 ## - MAIN ENTRY--PERSONAL NAME
Personal name DAHIYA,Randhir Singh
245 ## - TITLE STATEMENT
Title Text book of Pharmaceutical Organic Chemistry - I
250 ## - EDITION STATEMENT
Edition statement 1st
260 ## - PUBLICATION, DISTRIBUTION, ETC. (IMPRINT)
Place of publication, distribution, etc New Delhi
Name of publisher, distributor, etc Paging
Date of publication, distribution, etc 2019
300 ## - PHYSICAL DESCRIPTION
Extent pg168
650 ## - SUBJECT ADDED ENTRY--TOPICAL TERM
Topical term or geographic name as entry element Pharmaceutical Inorganic chemistry
942 ## - ADDED ENTRY ELEMENTS (KOHA)
Source of classification or shelving scheme Dewey Decimal Classification
Koha item type Text Books
942 ## - ADDED ENTRY ELEMENTS (KOHA)
-- 25
Holdings
Withdrawn status Lost status Source of classification or shelving scheme Damaged status Not for loan Collection code Home library Current library Date acquired Source of acquisition Currency Cost, normal purchase price Bill Number Total Checkouts Full call number Acc. no. / Barcode Date last seen Date last borrowed Actual Cost, discounted price Bill Date Koha item type
    Dewey Decimal Classification     B.Pharma PIET C-LIBRARY PIET C-LIBRARY 08/02/2022 Kirti Prakashan Indian Rup 445.00 IN3337 8 547 DAT BP1762 18/01/2025 03/01/2025 320.40 08/02/2022 Reference Books
    Dewey Decimal Classification     B.Pharma PIET C-LIBRARY PIET C-LIBRARY 08/02/2022 Kirti Prakashan Indian Rup 445.00 IN3337 5 547 DAT BP1763 11/01/2023 14/12/2022 320.40 08/02/2022 Text Books
    Dewey Decimal Classification     B.Pharma PIET C-LIBRARY PIET C-LIBRARY 08/02/2022 Kirti Prakashan Indian Rup 445.00 IN3337 6 547 DAT BP1764 21/05/2026 07/05/2026 320.40 08/02/2022 Text Books
    Dewey Decimal Classification     B.Pharma PIET C-LIBRARY PIET C-LIBRARY 08/02/2022 Kirti Prakashan Indian Rup 445.00 IN3337 8 547 DAT BP1765 04/06/2026 21/05/2026 320.40 08/02/2022 Text Books
    Dewey Decimal Classification     B.Pharma PIET C-LIBRARY PIET C-LIBRARY 08/02/2022 Kirti Prakashan Indian Rup 445.00 IN3337 3 547 DAT BP1766 20/12/2022 12/12/2022 320.40 08/02/2022 Text Books

Design & Developed by: PIET Central Library
R70 Miles Stone Pattikalyana Samalkha Panipat 132102
mail ID :- [email protected], Phone No:- 0180-2569700 Ex.216